000
00200 a2200097 4500
001
7803
100
_a
Maugham, V
245
_a
At the end of the day
260
_a
_b
Heanimann
_c
090
_c
6253
_d
6253
942
_a
NUST-CAE
_c
M
_c
32771
999
_c
242876
_d
242876